000 00481nam a2200181Ia 4500
008 100917s9999 xx 000 0 und d
082 _b51003
100 _aशिरवळकर सुहास
245 _aथरारक
260 _bमनोरमा प्रकाशन
_c1982
300 _a250
365 _b35
520 _aकादंबरी
630 _aथरारक
650 _aकादंबरी
730 _aथरारक
942 _cBOOK
999 _c656397
_d656394